| 000 | 00582nam a2200193Ia 4500 | ||
|---|---|---|---|
| 003 | GCL | ||
| 008 | 140319s9999 xx 000 0 ara d | ||
| 040 |
_aGCL / _cGCL |
||
| 082 | 0 | 4 |
_a217.6 _bف ا |
| 100 | 1 | _aفريد عبدالخالق | |
| 245 | 1 | 0 |
_aالاخوان المسلمون فى ميزان الحق / _cفريد عبدالخالق |
| 260 |
_a[S.N] : _bدار الصحوه للنشر والتوزيع ، _c1987 |
||
| 300 | _a251 ص | ||
| 490 | _a | ||
| 650 | 0 | 4 | _aالاسلام |
| 650 | 0 | 4 | _aدعوة |
| 650 | 0 | 4 | _aالاخوان المسلمون |
| 942 |
_2ddc _cBK |
||
| 999 |
_c31893 _d31893 |
||